[Event "Agneaux St Lo op 20th"]
[Site "Agneaux"]
[Date "2018.07.13"]
[Round "8"]
[White "Geurink, Jasper"]
[Black "Seignat, Florian"]
[Result "1-0"]
[WhiteElo "2348"]
[BlackElo "2041"]
[PlyCount "195"]
[EventDate "2018.07.07"]
[EventType "swiss"]
[EventRounds "9"]
[EventCountry "FRA"]
[SourceTitle "CBM 185 Extra"]
[Source "ChessBase"]
[SourceDate "2018.07.29"]
[SourceVersion "1"]
[SourceVersionDate "2018.07.29"]
[SourceQuality "1"]

1. e4 c5 2. Nf3 d6 3. Bb5+ Nd7 4. d4 cxd4 5. Qxd4 a6 6. Bxd7+ Bxd7 7. 0-0 e5 8. Qd3 Rc8 9. c4 b5 10. Na3 b4 11. Nc2 Qc7 12. b3 Qb7 13. a3 Bc6 14. Nd2 a5 15. axb4 axb4 16. f3 Nf6 17. Re1 Nd7 18. Ne3 Nc5 19. Qf1 g6 20. Nd5 Bg7 21. Bb2 Bxd5 22. cxd5 0-0 23. Rab1 Ra8 24. Red1 f5 25. exf5 gxf5 26. Nc4 Ra6 27. Kh1 f4 28. Qf2 Qe7 29. Qc2 Rf6 30. Ra1 Rh6 31. Rxa6 Nxa6 32. Nd2 Nc5 33. Ne4 Qh4 34. h3 Nxe4 35. Qxe4 Qf2 36. Rc1 Rg6 37. Rc2 Qf1+ 38. Kh2 Bf6 39. Qf5 Qe1 40. Qe4 Qf1 41. Qc4 Qe1 42. Re2 Qf1 43. Rc2 Qe1 44. Re2 Qf1 45. Bd4 Bh4 46. Bg1 Kg7 47. Qe4 Rh6 48. Qc2 Rg6 49. Qa2 Kh6 50. Qd2 Kg7 51. Kh1 Rg3 52. Qc2 Kh6 53. Rf2 Qe1 54. Qc8 Rg6 55. Qf8+ Kh5 56. Ra2 Qf1 57. Qe8 Kh6 58. Qf8+ Kh5 59. Qf7 Kh6 60. Qf5 Qd1 61. Qf8+ Kg5 62. Qe7+ Rf6 63. Qxh7 Qxd5 64. Ra7 Qe6 65. Bb6 Rh6 66. Rg7+ Kh5 67. Qe4 Bf6 68. g4+ fxg3 69. Rxg3 d5 70. Qe2 Rg6 71. f4+ Kh6 72. Be3 Kg7 73. Qg2 Rxg3 74. Qxg3+ Kf7 75. fxe5 Qxe5 76. Qxe5 Bxe5 77. Kg2 Ke6 78. Kf3 Kf5 79. h4 Bc3 80. h5 d4 81. Bc1 d3 82. Ke3 Kg5 83. Kxd3+ Kxh5 84. Bd2 Be5 85. Bxb4 Kg6 86. Ke4 Bb8 87. Kd5 Kf7 88. Bd6 Ba7 89. Bc5 Bb8 90. Kc6 Ke6 91. b4 Bf4 92. b5 Be5 93. b6 Bf4 94. b7 Bb8 95. Bb6 Ke7 96. Bc7 Ba7 97. Kb5 Kd7 98. Ka6 1-0

[Event "Agneaux St Lo op 20th"]
[Site "Agneaux"]
[Date "2018.07.12"]
[Round "7"]
[White "Seignat, Florian"]
[Black "Naudion, Gregoire"]
[Result "1-0"]
[WhiteElo "2041"]
[BlackElo "2182"]
[PlyCount "61"]
[EventDate "2018.07.07"]
[EventType "swiss"]
[EventRounds "9"]
[EventCountry "FRA"]
[SourceTitle "CBM 185 Extra"]
[Source "ChessBase"]
[SourceDate "2018.07.29"]
[SourceVersion "1"]
[SourceVersionDate "2018.07.29"]
[SourceQuality "1"]

1. e4 d6 2. d4 Nf6 3. Bd3 e5 4. c3 Nc6 5. d5 Ne7 6. Bg5 h6 7. Bxf6 gxf6 8. Qf3 Ng6 9. h4 h5 10. Ne2 c6 11. Na3 Bg4 12. Qg3 Bh6 13. f3 Bd7 14. Nc4 Qc7 15. Qf2 cxd5 16. exd5 f5 17. Ne3 f4 18. Nf5 Bf8 19. g4 hxg4 20. fxg4 Ne7 21. 0-0-0 Nxf5 22. gxf5 Qa5 23. Kb1 Qxd5 24. Rhe1 Kd8 25. c4 Qa5 26. Nc3 Bc6 27. Be4 Kc7 28. Rc1 Qc5 29. Qf3 Rc8 30. Nd5+ Kb8 31. b4 1-0

[Event "Agneaux St Lo op 18th"]
[Site "Agneaux"]
[Date "2017.07.08"]
[Round "2.6"]
[White "Seignat, Florian"]
[Black "Sadilek, Peter"]
[Result "0-1"]
[WhiteElo "2089"]
[BlackElo "2271"]
[PlyCount "66"]
[EventDate "2017.07.08"]
[EventType "swiss"]
[EventRounds "9"]
[EventCountry "FRA"]
[SourceTitle "EXT 2020"]
[Source "ChessBase"]
[SourceDate "2019.10.17"]
[SourceVersion "1"]
[SourceVersionDate "2019.10.17"]
[SourceQuality "1"]

1. e4 g6 2. d4 Bg7 3. c4 c5 4. Nf3 cxd4 5. Nxd4 Nc6 6. Be3 Nf6 7. Nc3 0-0 8. Be2 d6 9. 0-0 Bd7 10. Rc1 Nxd4 11. Bxd4 Bc6 12. Qd3 Qa5 13. Rfe1 Rfc8 14. b3 a6 15. Nd5 Bxd5 16. exd5 b5 17. Qe3 bxc4 18. bxc4 Rab8 19. Rb1 Rxb1 20. Rxb1 Qxa2 21. Ra1 Qc2 22. h3 Nxd5 23. cxd5 Bxd4 24. Qxd4 Qxe2 25. Rb1 Qc4 26. Qe3 Rc7 27. Qh6 a5 28. Kh2 a4 29. Rb8+ Rc8 30. Rb7 Qxd5 31. Rxe7 a3 32. Ra7 Ra8 33. Qe3 a2 0-1

[Event "Agneaux St Lo U16 op 17th"]
[Site "Agneaux"]
[Date "2015.07.10"]
[Round "7"]
[White "Krauchanka, Yuliya"]
[Black "Seignat, Florian"]
[Result "0-1"]
[WhiteElo "1595"]
[BlackElo "1843"]
[PlyCount "84"]
[EventDate "2015.07.03"]
[EventType "swiss"]
[EventRounds "9"]
[EventCountry "FRA"]
[SourceTitle "EXT 2016"]
[Source "ChessBase"]
[SourceDate "2015.10.08"]
[SourceVersion "1"]
[SourceVersionDate "2015.10.08"]
[SourceQuality "1"]

1. e4 Nf6 2. d3 d5 3. e5 Nfd7 4. Qe2 e6 5. g3 c5 6. Bg2 Nc6 7. Nf3 Be7 8. 0-0 0-0 9. Re1 Qc7 10. Nbd2 b5 11. Nf1 a5 12. h4 Ba6 13. N1h2 b4 14. Bf4 a4 15. Ng5 Nd4 16. Qd1 b3 17. axb3 axb3 18. cxb3 Qb6 19. b4 Qxb4 20. Rb1 Rfb8 21. Bd2 Qb3 22. Bc3 Qxd1 23. Rbxd1 Nc2 24. Re2 Nb4 25. Bxb4 Rxb4 26. f4 Rab8 27. Rdd2 Rb3 28. f5 Bxg5 29. hxg5 Bxd3 30. fxe6 fxe6 31. Re3 c4 32. Bxd5 exd5 33. e6 Nc5 34. Nf3 Ne4 35. Rh2 Rxb2 36. Nd4 Rb1+ 37. Kg2 R8b2+ 38. Kh3 Bf1+ 39. Kg4 Rxh2 40. Rf3 Bh3+ 41. Kf4 Rf2 42. e7 Bd7 0-1

[Event "Agneaux St Lo op U20 16th"]
[Site "Agneaux"]
[Date "2014.07.11"]
[Round "7"]
[White "Gagarin, Vasily"]
[Black "Seignat, Florian"]
[Result "1-0"]
[WhiteElo "1857"]
[BlackElo "1744"]
[PlyCount "103"]
[EventDate "2014.07.06"]
[EventType "swiss"]
[EventRounds "9"]
[EventCountry "FRA"]
[SourceTitle "EXT 2015"]
[Source "ChessBase"]
[SourceDate "2014.11.20"]
[SourceVersion "1"]
[SourceVersionDate "2014.11.20"]
[SourceQuality "1"]

1. d4 Nf6 2. Nf3 c5 3. e3 e6 4. Bd3 d5 5. b3 Nbd7 6. Bb2 Be7 7. 0-0 0-0 8. Nbd2 b6 9. Ne5 Bb7 10. f4 Ne4 11. Nxe4 dxe4 12. Bc4 Nxe5 13. dxe5 Qxd1 14. Raxd1 Rad8 15. g4 Rxd1 16. Rxd1 Rd8 17. Rxd8+ Bxd8 18. Kg2 g6 19. Kg3 Be7 20. Bf1 Bd5 21. Bc1 Kg7 22. Bh3 Bd8 23. Bg2 Bc7 24. Bb2 Kg8 25. h4 Bd8 26. Bf1 Bc7 27. f5 exf5 28. gxf5 gxf5 29. Kf4 Bd8 30. h5 Be6 31. Bh3 h6 32. Bxf5 Bg5+ 33. Kxe4 Bxf5+ 34. Kxf5 Bxe3 35. Ke4 Bf2 36. Bc1 Kg7 37. Bf4 Bd4 38. c4 a6 39. a4 Bf2 40. Kd5 Be1 41. Kc6 Ba5 42. Kb7 Kh7 43. Kxa6 Kg7 44. Kb5 Kh7 45. Be3 Bc3 46. Kxb6 Bxe5 47. Kxc5 Bb8 48. Kd5 f5 49. b4 f4 50. Bf2 Kg7 51. Ke6 f3 52. a5 1-0

[Event "Agneaux St Lo op 15th"]
[Site "Agneaux"]
[Date "2013.07.08"]
[Round "2"]
[White "Grigorian, Roudolph"]
[Black "Seignat, Florian"]
[Result "1-0"]
[WhiteElo "2062"]
[BlackElo "1740"]
[PlyCount "127"]
[EventDate "2013.07.07"]
[EventType "swiss"]
[EventRounds "9"]
[EventCountry "FRA"]
[SourceTitle "EXT 2014"]
[Source "ChessBase"]
[SourceDate "2013.11.20"]
[SourceVersion "1"]
[SourceVersionDate "2013.11.20"]
[SourceQuality "1"]

1. e4 e6 2. d4 d5 3. Nd2 dxe4 4. Nxe4 Bd7 5. Ne2 Bc6 6. N2g3 Nd7 7. c3 Ngf6 8. f3 Nxe4 9. fxe4 Qh4 10. e5 0-0-0 11. Qh5 Qxh5 12. Nxh5 f6 13. exf6 gxf6 14. Kf2 e5 15. Be3 f5 16. Bg5 Re8 17. Nf6 Re6 18. Nxd7 Bxd7 19. d5 Bc5+ 20. Be3 Bxe3+ 21. Kxe3 Rd6 22. c4 c6 23. Rd1 cxd5 24. cxd5 Bc6 25. Bc4 Rhd8 26. Rhf1 Bd7 27. Bb3 b6 28. Bc2 Rf8 29. Rd2 Kd8 30. g4 f4+ 31. Ke4 Bxg4 32. Kxe5 Rdf6 33. Rd4 Rh6 34. Rdxf4 Rxf4 35. Rxf4 Rxh2 36. Rxg4 Rxc2 37. Rg8+ Kc7 38. Rg7+ Kc8 39. Rxh7 Rxb2 40. Rxa7 Kb8 41. Rh7 Rxa2 42. Kd6 Rc2 43. Rh8+ Rc8 44. Rh7 Rc2 45. Re7 Rc3 46. Re4 Kb7 47. Kd7 Rc7+ 48. Ke6 Rc8 49. Rf4 Re8+ 50. Kd7 Rh8 51. Rf7 b5 52. Ke6+ Kc8 53. Kd6 Rd8+ 54. Kc6 b4 55. Ra7 Kb8 56. Rb7+ Kc8 57. Rxb4 Rh8 58. Ra4 Rh6+ 59. d6 Kb8 60. Re4 Rh8 61. Rb4+ Ka8 62. d7 Ka7 63. Kc7 Rh7 64. Ra4# 1-0